Alle Minecraft Tiere - Statistiken

Allgemein
  • Dieses Quiz wurde 1.970 mal gespielt
    810 seit der letzten Aktualisierung
  • Das Durchschnittsergebnis liegt bei 21 aus 36
Antwortstatistiken
Tiere % Korrekt
Kuh
96%
Schwein
95%
Schaf
89%
Huhn
87%
Katze
86%
Pferd
83%
Wolf
82%
Hund
77%
Esel
72%
Lachs
72%
Papagei
71%
Biene
64%
Ozelot
64%
Lama
62%
Delfin
61%
Panda
61%
Tintenfisch
61%
Eisbär
57%
Ziege
57%
Fuchs
54%
Kaninchen
53%
Kugelfisch
53%
Fledermaus
52%
Frosch
51%
Axolotl
50%
Spinne
49%
Kabeljau
48%
Maultier
48%
Schildkröte
48%
Tropenfisch
44%
Silberfisch
38%
Gürteltier
27%
Dromedar
26%
Koralle
10%
Schwamm
9%
Seegurke
9%
Keine übereinstimmenden Quizze gefunden
Verteilung der Resultate
Anzahl Personen mit jedem Resultat
Perzentil nach korrekt beantworteten Fragen
Ihre Resultats-Entwicklung
Sie haben dieses Quiz seit der letzten Aktualisierung nicht gespielt